书目信息 |
| 题名: |
万国幽默大观
|
|
| 作者: | 吕尔勤 译 | |
| 分册: | ||
| 出版信息: | 北京 工商出版社 1999.01 |
|
| 页数: | 502页 | |
| 开本: | 32开 | |
| 丛书名: | ||
| 单 册: | ||
| 中图分类: | I17 | |
| 科图分类: | ||
| 主题词: | 民间文学--作品集--世界 | |
| 电子资源: | ||
| ISBN: | 7-80012-366-9 | |
| 000 | 00535nam0 2200193 45 | |
| 001 | 0104111199 | |
| 005 | 20010411110145.2 | |
| 010 | @a7-80012-366-9@d24.80元 | |
| 100 | @a20010411d1999 km y0chiy0120 ea | |
| 101 | 0 | @achi |
| 105 | @a z 000yy | |
| 200 | 1 | @a万国幽默大观@AWan Guo You Mo Da Guan@f吕尔勤译@FLu Er Qin Yi |
| 210 | @a北京@c工商出版社@d1999.01 | |
| 215 | @a502页@d32开 | |
| 606 | 0 | @a民间文学@x作品集@x世界 |
| 690 | @aI17@v3 | |
| 701 | 0 | @a吕尔勤@4译 |
| 801 | @aCN@bPftUser@c20010411 | |
| 905 | @b337528-529@dI17@eL677@f2 | |
| 万国幽默大观/吕尔勤译.-北京:工商出版社,1999.01 |
| 502页;32开 |
| ISBN 7-80012-366-9:24.80元 |
| ● |
| 相关链接 |
|
|
|
正题名:万国幽默大观
索取号:I17/L677
 
预约/预借
| 序号 | 登录号 | 条形码 | 馆藏地/架位号 | 状态 | 备注 |
| 1 | 337528 | 203375285 | 文学库108/ [索取号:I17/L677] | 在馆 | |
| 2 | 337529 | 203375294 | 社科二线400B/400B社科库 10排1列6层/ [索取号:I17/L677] | 在馆 |